header

Nature next door (Record no. 103362)

MARC details
000 -LEADER
fixed length control field 01997nam a2200421 a 4500
082 04 - DEWEY DECIMAL CLASSIFICATION NUMBER
Classification number 582.160974
100 1# - MAIN ENTRY--AUTHOR NAME
Personal name Stroud, Ellen.
245 10 - TITLE STATEMENT
Title Nature next door
260 ## - PUBLICATION, DISTRIBUTION, ETC. (IMPRINT)
Place of publication Seattle :
Name of publisher University of Washington Press,
Year of publication 2012.
300 ## - PHYSICAL DESCRIPTION
Number of Pages xx, 207 p. :
Other physical details ill., maps.
490 1# - SERIES STATEMENT
Series statement Weyerhaeuser environmental books
505 0# - FORMATTED CONTENTS NOTE
Formatted contents note Introduction: The City and the Trees -- Water and Woods in Pennsylvania -- New Hampshire : Watersheds, Viewsheds, and Timber -- Packaging the Forested Farm in Vermont -- Who Owns Maine's Trees? -- Fractured Forests and the Future of Northeastern Trees.
650 #0 - SUBJECT ADDED ENTRY--TOPICAL TERM
Topical Term Trees in cities
Topical Term Urban forestry
Topical Term Urban ecology (Sociology)
Topical Term Urbanization
Topical Term Reforestation
Topical Term Watersheds
856 40 - ELECTRONIC LOCATION AND ACCESS
Uniform Resource Identifier http://site.ebrary.com/lib/rucke/Doc?id=10612164

No items available.

© 2026 Rongo University
Contact us: librarian | system librarian | Rongo university